From Jerusalem to New Delhi : (Record no. 1002)
[ view plain ]
| 000 -LEADER | |
|---|---|
| fixed length control field | 00964cam a2200289 i 4500 |
| 001 - CONTROL NUMBER | |
| control field | 1697121 |
| 003 - CONTROL NUMBER IDENTIFIER | |
| control field | GBCCL |
| 005 - DATE AND TIME OF LATEST TRANSACTION | |
| control field | 20241126110351.0 |
| 008 - FIXED-LENGTH DATA ELEMENTS--GENERAL INFORMATION | |
| fixed length control field | 761006s1964 ii bd b 001 0 eng d |
| 035 ## - SYSTEM CONTROL NUMBER | |
| System control number | (OCoLC)ocn683613949 |
| 035 ## - SYSTEM CONTROL NUMBER | |
| System control number | 1697121 |
| 040 ## - CATALOGING SOURCE | |
| Original cataloging agency | PTS |
| Transcribing agency | PTS |
| Modifying agency | YUS |
| 049 ## - | |
| -- | YUTI |
| 082 ## - DEWEY DECIMAL CLASSIFICATION NUMBER | |
| Classification number | 270 |
| Item number | GIB |
| 099 ## - LOCAL FREE-TEXT CALL NUMBER (OCLC) | |
| Classification number | IE8 |
| -- | G354f |
| 100 1# - MAIN ENTRY--PERSONAL NAME | |
| Personal name | Gibbs, Marion Euphemia, |
| Dates associated with a name | 1901- |
| 9 (RLIN) | 1667 |
| 245 10 - TITLE STATEMENT | |
| Title | From Jerusalem to New Delhi : |
| Remainder of title | the story of the Christian church / |
| Statement of responsibility, etc. | by M. E. Gibbs. |
| 260 ## - PUBLICATION, DISTRIBUTION, ETC. | |
| Place of publication, distribution, etc. | Madras : |
| Name of publisher, distributor, etc. | Published for the Senate of Serampore College by the Christian Literature Society, |
| Date of publication, distribution, etc. | 1964. |
| 300 ## - PHYSICAL DESCRIPTION | |
| Extent | xix, 369 p., [12] leaves of plates : |
| Other physical details | maps ; |
| Dimensions | 19 cm. |
| 490 0# - SERIES STATEMENT | |
| Series statement | The Christian students' library ; |
| Volume/sequential designation | no. 32 |
| 500 ## - GENERAL NOTE | |
| General note | Includes index. |
| 504 ## - BIBLIOGRAPHY, ETC. NOTE | |
| Bibliography, etc. note | Bibliography: p. [329]-336. |
| 590 ## - LOCAL NOTE (RLIN) | |
| Local note | DIV IE8 G354f: Gift: The Christian students' library. |
| 650 #0 - SUBJECT ADDED ENTRY--TOPICAL TERM | |
| Topical term or geographic name entry element | Church history. |
| 9 (RLIN) | 117 |
| 942 ## - ADDED ENTRY ELEMENTS (KOHA) | |
| Source of classification or shelving scheme | Dewey Decimal Classification |
| Koha item type | Books |
| Koha issues (borrowed), all copies | 1 |
| 948 ## - LOCAL PROCESSING INFORMATION (OCLC); SERIES PART DESIGNATOR (RLIN) | |
| Series part designator, SPT (RLIN) | RECON |
| Withdrawn status | Lost status | Source of classification or shelving scheme | Damaged status | Not for loan | Home library | Current Library | Shelving location | Date acquired | Total checkouts | Full call number | Barcode | Date last seen | Date last checked out | Copy number | Price effective from | Koha item type |
|---|---|---|---|---|---|---|---|---|---|---|---|---|---|---|---|---|
| Dewey Decimal Classification | GRACE BIBLE COLLEGE | GRACE BIBLE COLLEGE | Church History | 2017-04-03 | 1 | 270 GIB | 001712 | 2025-05-01 | 2018-04-06 | c.1 | 2017-04-03 | Books |